000
00252nam a2200109Ia 4500
008
190912s9999||||xx |||||||||||||| ||und||
100
_a
Gulzaib Zeba
245
0
_a
Gul Regzaar
260
_a
Karachi
_b
Zabaish Publishers
_c
1998
300
_a
128
942
_c
BK
999
_c
7400
_d
7400